| 000 | 00978nam a22002777a 4500 | ||
|---|---|---|---|
| 001 | 6774 | ||
| 003 | FISKH | ||
| 005 | 20250527114254.0 | ||
| 008 | 250527b cb ||||| |||| 00| 0 eng d | ||
| 020 | _a9781905236626 | ||
| 040 |
_aFISKH _beng _cFISKH _dFISKH |
||
| 050 | _aPZ8.B5735 M | ||
| 082 | _a398.84 | ||
| 100 | _aBlackstone, Stella | ||
| 245 |
_aMy granny went to market : _bA round0-the-world counting ryme / _cWritten by Stella Blackstone ; illustrated by Christopher Corr |
||
| 260 |
_aLondon : _bBarefoot Book, _c1995 |
||
| 300 |
_a24 unnumbered pages : _bcolor illustrations ; _c25 cm |
||
| 505 | _aO | ||
| 520 | _aA child's grandmother travels around the world, buying things in quantities that illustrate counting from one to ten. | ||
| 521 | 8 |
_a600
_bLexile AD |
|
| 521 | 8 |
_aO
_bRaz-Plus |
|
| 650 |
_aAround the World _vMulticultural _xFamily _yRhyme |
||
| 700 |
_aCorr, Christopher _eillustrator |
||
| 942 |
_2ddc _cBK _n0 |
||
| 999 |
_c6774 _d6774 |
||